Sefer Naḥalat Yehudah / (Record no. 33217)

MARC details
000 -LEADER
fixed length control field 00744cam a22002411 4500
001 - CONTROL NUMBER
control field he 68001214
003 - CONTROL NUMBER IDENTIFIER
control field DLC
005 - DATE AND TIME OF LATEST TRANSACTION
control field 20260227111457.0
008 - FIXED-LENGTH DATA ELEMENTS--GENERAL INFORMATION
fixed length control field 840213s1965 is abc 000 0 heb
010 ## - LIBRARY OF CONGRESS CONTROL NUMBER
LC control number he 68001214
035 ## - SYSTEM CONTROL NUMBER
System control number (OCoLC)19206372
040 ## - CATALOGING SOURCE
Original cataloging agency DLC
Transcribing agency MH
Modifying agency CU
-- DLC
042 ## - AUTHENTICATION CODE
Authentication code premarc
050 00 - LIBRARY OF CONGRESS CALL NUMBER
Classification number DS110.N24
Item number S4
245 00 - TITLE STATEMENT
Title Sefer Naḥalat Yehudah /
Statement of responsibility, etc. ha-ʻorekh Meʼir Ḥovav...
260 ## - PUBLICATION, DISTRIBUTION, ETC.
Place of publication, distribution, etc. [Nahalat Yehudah] :
Name of publisher, distributor, etc. ha-Moʻatsah ha-meḳomit Naḥalat Yehudah,
Date of publication, distribution, etc. [1965]
300 ## - PHYSICAL DESCRIPTION
Extent 193 p. :
Other physical details ill. (part col.) map, ports. ;
Dimensions 24 cm.
500 ## - GENERAL NOTE
General note "La-yovel ha-50."
651 #0 - SUBJECT ADDED ENTRY--GEOGRAPHIC NAME
Geographic name Naḥalat Yehudah (Israel)
700 1# - ADDED ENTRY--PERSONAL NAME
Personal name Hovav, Meir.
710 1# - ADDED ENTRY--CORPORATE NAME
Corporate name or jurisdiction name as entry element Naḥalat Yehudah (Israel)
752 ## - ADDED ENTRY--HIERARCHICAL PLACE NAME
Country or larger entity Israel
City Naḥalat Yehudah

No items available.

Powered by Koha